000 00573nam a2200181 4500
999 _c162096
_d162096
005 20190305155616.0
010 _aENG-124834
020 _a9789387696181
_c150.00
035 _aEN-108366
037 _bDBAD/PUB
082 _a158.1
100 _aSirshree
245 _aPasswords to a happy life/
_cby Sirshree
260 _aPune
_bWow Publishings
_c2018
270 _aE-4,Vaibhav,Nagar,near,Tapovan Mandir,Pimpri,
_bPune
_e411017
_k91-9011013210
_mwww.gethappythoughts.org|www.tejgyan.org
300 _a127p.
_c20cm(pbk)
942 _2ddc
_cEN
_h158.1
_mSIR